000 00684nam a22002417a 4500
001 BR9500366
003 BR-BrBNA
005 20230928094423.0
007 ta
008 230509b bl.||||| |||| 00| 0 por d
040 _aBR-BrBNA
_bpor
_cBiblioteca Nacional de Agricultura
041 _a(Por)
072 _aC10
090 _ C10 BR9500366
110 1 _aInstituto Brasileiro de Desenvolvimento Florestal, Brasilia, DF (Brasil)
_95727
245 1 _aCurso intensivo sobre melhoramento florestal e dasonomia
260 3 _aBrasilia, DF (Brasil):
_c1972.
300 _a16 p.
650 _aTreinamento
650 _aFloresta
909 _a202309
_bLucia
_c55
_dLucia Elande
942 _cBK
999 _c50633
_d50633